Normal view
MARC view
Entry Topical Term
001 - CONTROL NUMBER
- control field: 43213
003 - CONTROL NUMBER IDENTIFIER
- control field: ARRUPE
005 - DATE AND TIME OF LATEST TRANSACTION
- control field: 20181101124851.0
008 - FIXED-LENGTH DATA ELEMENTS
- fixed length control field: 181101|| aca||aabn | a|a d
040 ## - CATALOGING SOURCE
- Original cataloging agency: ARRUPE
- Transcribing agency: ARRUPE
150 ## - HEADING--TOPICAL TERM
- Topical term or geographic name as entry element: Ancestor worship
- Geographic subdivision: Zimbabwe.
670 ## - SOURCE DATA FOUND
- Source citation: Work cat.: (ARRUPE)0: Elsener, Joseph. 43208, Traditional and Christianised rites of accommodating the spirit of the dead :, 2001.